|
|
|
|
| LEADER |
01079nam a22002892a 4500 |
| 001 |
000431564 |
| 003 |
CZ BrMZK |
| 005 |
20110208145434.0 |
| 007 |
ta |
| 008 |
990305s1989 xr a f cze d |
| 015 |
|
|
|a cnb000047258
|
| 035 |
|
|
|a (OCoLC)21370259
|
| 040 |
|
|
|a BOA001
|b cze
|
| 080 |
|
|
|a 885.0-32(081)
|2 MRF
|
| 100 |
1 |
|
|a Sekera, Jaroslav,
|d 1929-2007
|7 jk01110696
|4 aut
|
| 245 |
1 |
0 |
|a Pohledy přes rameno /
|c Jaroslav Sekera ; ilustrovala Zdena Marschalová
|
| 250 |
|
|
|a 1. vyd.
|
| 260 |
|
|
|a Ostrava :
|b Profil,
|c 1989
|
| 300 |
|
|
|a 223 s. :
|b il.
|
| 490 |
1 |
|
|a Obzory ;
|v sv. 43
|
| 700 |
1 |
|
|a Marschalová, Zdena,
|d 1951-
|7 jk01080288
|4 ill
|
| 830 |
|
0 |
|a Obzory (Profil)
|0 s
|
| 856 |
4 |
1 |
|u http://www.digitalniknihovna.cz/mzk/uuid/uuid:caeb0b90-6a35-11e4-8991-005056827e51
|y Digitalizovaný dokument
|x NDK
|
| 910 |
|
|
|a BOA001
|b 2-0946.731
|b PK-0110.637
|
| 990 |
|
|
|a BK
|
| 996 |
7 |
|
|b 2619778992
|c 2-0946.731
|l MZK
|r Sklad / do 1 hodiny
|n 2
|w 000431564
|u 000010
|a 1
|e BOA001
|j MZK50
|s A
|
| 996 |
7 |
|
|b 3119950049
|c PK-0110.637
|l MZK
|r Sklad / do 1 hodiny
|n 0
|w 000431564
|u 000020
|a 1
|e BOA001
|j MZK50
|s A
|